| 000 | 00317nam a22001217a 4500 | ||
|---|---|---|---|
| 999 |
_c510900 _d510900 |
||
| 082 | _aT19x54 D954 | ||
| 100 |
_aDutt, Shekhar _99605 |
||
| 245 | _aRefelection on Contemporary India | ||
| 260 |
_aNew Delhi _bHar Anand Publication Pvt Ltd _c2014 |
||
| 300 | _a163p. | ||
| 650 |
_aDalits _911551 |
||
| 650 |
_a India _911552 |
||